| 000 | 00883nam a2200181 i 4500 | ||
|---|---|---|---|
| 001 | 184948 | ||
| 003 | ES-MaACL | ||
| 005 | 20230906222320.0 | ||
| 008 | 160225s1866 sp |||| | spa d | ||
| 245 | 0 | 0 |
_aColección legislativa de Estadistica / _cpublicada por acuerdo de la Dirección General de Estadistica. |
| 260 |
_aMadrid : _b[s.n.], _c1866 ( _fImp. Europea) |
||
| 300 |
_a469 p. ; _c26 cm. |
||
| 500 | _aEn port.: Comprende un apéndice de las disposiciones no publicadas en el tomo dado á luz en 1862 y todas las leyes, reales decretos y órdenes que á este ramo se refieren desde 1º de Julio de 1862 hasta fin de Junio de 1866. | ||
| 530 | _aDisponible en formato digital. | ||
| 650 | 4 |
_aEstadística- _vLegislación- _zEspaña. _9158863 |
|
| 852 |
_aES-MaACL _jC-12808 |
||
| 856 |
_uhttp://bdh-rd.bne.es/viewer.vm?id=0000009297&page=1 _zBiblioteca Digital Hispánica |
||
| 999 |
_c184948 _d184948 |
||